000 00316nam a2200121Ia 4500
008 230724s2007 xx und d
041 _aeng
082 _a720
100 _aFREDERICK M.
245 _a101 THINGS I LEARNED IN ARCHITECTURE SCHOOL.
260 _bMIT PRESS 55, HAYWARD CAMBRIDGE
_c2007
300 _a101
999 _c1177272
_d1177272